000
00287nam a2200085Ia 4500
245
0
_a
The animal dialogues : uncommon encounters in the wild
100
_a
CHILDS, Craig Leland New York, 2009 1st Back Bay pbk. ed
_9
85421
942
_c
BK
008
210817s9999 xx 000 0 und d
999
_c
433174
_d
433173